000 00334nam a22001217a 4500
008 181127b xxu||||| |||| 00| 0 eng d
041 _aeng
080 _a043.3
100 _a0
101 _aMTH-MEK
245 _aKompozitet Laminare dhe roli i tyre ne avancimin e performances se shiritave transportues
_cHaziraj, H
942 _2udc
_cBK
999 _c52547
_d52547